000 00723nab a22002297a 4500
001 11321
003 HDC
007 cr bn ---aaaaa
008 210128c20141030my ||||o |||| 00| 00eng d
040 _aHDC
245 0 _aArifin: Govt encourages 'smart partnership' among organisations
336 _atext
_2rdacontent
337 _acomputer
_2rdamedia
338 _aonline resource
_2rdacarrier
650 _aBusiness
_9207
650 _aHalal industry
_9144
710 _aDaily Express
856 _zRequest full-text at [email protected]
942 _2lcc
942 _cNEWS
942 _kNWSO 001557
999 _c8644
_d8644